Quizzes
Events
Quiz Creation
Community
Videos
Private Events
Remove Ads
Sign In
Join for FREE
Feedback
Dark Mode
Quiz Categories
Sports
Geography
Music
Movies
Television
Just For Fun
Miscellaneous
History
Literature
Language
Science
Gaming
Entertainment
Religion
Holiday
For Kids
Quiz Lab
Recent
Popular Today
Quiz Kudos Today
Editor Picks
Curator Picks
Quizzes by...
Day
Popularity
Type
Ratings
Length
Year
Community
Subscriptions
Recent Discussions
Orange Saloon
Badges
Playlists
Quests
Create
Leaderboards
Showdown
Live 5
Trivia Bingo
Activity
Puzzle Library
Sporcle Events
Private Events
Virtual Trivia
Globe League
Become a Host
Pub Owners
SporcleCon
Opinionation
Our Games
Videos
Blog
Mobile Apps
Partnerships
Remove Ads and Go Orange
Feedback
Sports
Athletes
MLB
NBA
NHL
NFL
Soccer
Sports Teams
WWE
NCAA
Football
Premier League
Basketball
Baseball
Hockey
Golf
Tennis
Cricket
Rugby
Auto Racing
Olympics
World Cup
Sports
Athletes
MLB
NBA
NHL
NFL
Soccer
Sports Teams
WWE
NCAA
Football
Premier League
Basketball
Baseball
Hockey
Golf
Tennis
Cricket
Rugby
Auto Racing
Olympics
World Cup
Random Quiz
Search Sporcle
×
Quiz Lab
Quiz Lab
Sports
MLB
Type in answers that appear in a list
Type in answers that appear in a list
Classic
Best Score? Go Orange.
Great Teams' Ultimate Rosters Stats
Can you name the ultimate rosters for these historic MLB teams?
By
redsoxfan24
20m
124 Questions
460 Plays
460 Plays
460 Plays
Comments
Comments
Give Quiz Kudos
Give Quiz Kudos
-
- Ratings
hide this ad
More Info
Replay
Link that replays current quiz
Next Quiz
Link to next quiz in quiz playlist
You Got
0%
They Got
Avg Score
27%
Avg Friend Score
Upgrade to see
Score Distribution
Jump to the score distribution portion of the page
Score
0/124
Timer
20:00
0
Plays Today
% Correct
Babe Ruth
92.2%
Lou Gehrig
88.3%
Johnny Bench
84.8%
Joe Morgan
82.8%
Pete Rose
80.9%
David Ortiz
79.8%
Tom Seaver
79.1%
Tony Perez
72.6%
Manny Ramirez
70.7%
Johnny Damon
68.7%
Pedro Martinez
68.5%
Barry Zito
66.3%
Curt Schilling
66.3%
Dave Concepcion
65.9%
Jason Varitek
64.3%
George Foster
63.9%
Tim Hudson
62%
J.C. Martin
61.3%
Mark Mulder
60.9%
Cleon Jones
60.4%
Nolan Ryan
59.3%
Ken Griffey
58.3%
Miguel Tejada
57.8%
Derek Lowe
54.8%
Jerry Koosman
53.7%
Tim Wakefield
51.7%
Kevin Millar
51.7%
Eric Chavez
51.1%
Bill Mueller
45.9%
Cesar Geronimo
44.3%
Tony Lazzeri
43.7%
Scott Hatteberg
43.7%
Keith Foulke
42.8%
Kevin Youkilis
41.7%
Tommie Agee
39.6%
Ed Kranepool
37.8%
Bud Harrelson
35.9%
Orlando Cabrera
33.9%
Jerry Grote
33%
Donn Clendenon
32.6%
Don Gullett
31.5%
Bob Meusel
31.3%
% Correct
Earle Combs
31.3%
Tug McGraw
31.3%
Ron Swoboda
28.5%
Mark Bellhorn
28.3%
Jermaine Dye
28%
Ramon Hernandez
27%
Waite Hoyt
26.7%
Mark Ellis
26.1%
Dan Driessen
25.7%
David Justice
25%
Gary Gentry
24.1%
Rawly Eastwick
23.3%
Jack Billingham
22.8%
Gary Nolan
22.6%
Herb Pennock
21.1%
Bronson Arroyo
21.1%
Mike Timlin
21.1%
Wayne Garrett
19.8%
Art Shamsky
19.8%
Ed Charles
19.1%
Terrence Long
19.1%
Doug Mirabelli
18.9%
Pedro Borbon
18.5%
Pokey Reese
18.5%
Ron Taylor
18%
Al Weis
18%
Ken Boswell
17.8%
Clay Carroll
17.6%
Fred Norman
17%
Billy Koch
15.4%
Alan Embree
15.4%
Bill Plummer
14.8%
Myles Thomas
14.6%
Mark Koenig
14.6%
Jim McAndrew
14.3%
Chad Bradford
14.1%
Pat Collins
13.9%
Ed Armbrister
13.9%
Gabe Kapler
12.6%
Joe Dugan
12.2%
Don Cardwell
12.2%
Cal Koonce
10.7%
% Correct
Will McEnaney
10.7%
Pat Darcy
10.2%
Urban Shocker
10%
Wilcy Moore
9.6%
Cory Lidle
9.6%
Darrel Chaney
9.3%
Greg Myers
9.3%
Mike Myers
9.3%
Bob Shawkey
8.9%
Rod Gaspar
8.9%
Doug Flynn
8.5%
Jack DiLauro
7.4%
Ricardo Rincon
7.4%
Eric Byrnes
7%
Curt Leskanic
7%
Aaron Harang
6.7%
Bobby Pfeil
6.3%
George Pipgras
5.7%
Clay Kirby
5.7%
Merv Rettenmund
5.4%
Ray Durham
5.4%
Scott Williamson
5.4%
Ramiro Mendoza
5%
John Mabry
3.9%
Terry Crowley
3.7%
Benny Bengough
3.5%
Johnny Grabowski
3%
Olmedo Saenz
3%
Jim Mecir
2.6%
Jeff Tam
2.6%
Dutch Ruether
2.4%
Dave McCarty
2.4%
Cedric Durst
2.2%
Mike Venafro
2.2%
Joe Giard
2%
Ray Morehart
2%
Julie Wera
2%
Mike Gazella
1.7%
Ben Paschal
1.5%
Mike Fyhrie
0.9%
Quiz Playlist
Details
Report
Send in Message
Add To Playlist
More Info:
My new series following up on my All-Time Teams series. Idea entirely from user nushney. SEE FIRST COMMENT!!!!!
Classic:
Type in answers that appear in a list
Quiz Source
Last Updated: Feb 16, 2017
Quiz Scoreboard
CHALLENGE
Sign Up to Join the Scoreboard
Show All
Scores
Hide
Comments
May contain spoilers
Recently Published
Movies - When Are They Set?
by FPL_Elf
Movies
5m
Popular People in 1961
by mucciniale
History
6m
1-10 Letter E Words III
by El_Dandy
Language
2m
More to Explore
Quiz From the Vault
Featured Blog Post
Where Did the Easter Bunny Come From?
hide this ad
You Might Also Like...
Tags
Baseball Quiz
MLB Quiz
Boston
Cincinnati Reds
New York Mets
New York Yankees
Oakland Athletics
Roster
ultimate
Today's Top Quizzes in Sports
Browse Sports
hide this ad
Today's Top Quizzes in MLB
Browse MLB
Top Contributed Quizzes in Sports
1
Les meilleurs buteurs des matchs entre le PSG et l’OM
2
2022 World Cup Stars
3
FIFA Club World Cup Champions
4
Les entraîneurs de l'OM et du PSG au 21e siècle
5
Name the Premier League winners with different clubs
6
La finale Lions - Afrique du Sud 2021
7
Criteria MLB: Left Handed Sluggers
8
Les joueurs passés par le LOSC et le RC Lens
9
Players with Multiple 50 Home Run Seasons
10
MLB Players with Two .350 Batting Average Seasons
Explore More
Trending Topics
Kpop
Crossword
Harry Potter
NBA
Disney
Anime
Marvel
NFL
Pokémon
The Office
WWE
Puzzle
Song
Soccer
Country
hide this ad
More By:
redsoxfan24
Quiz
Plays
Rating
Category
Featured
Created
Who Wants to be a Millionaire: Parks & Recreation
34,371
2.55
Television
May 27, 2012
Elemental Big 4 Teams
29,411
4.70
Science
Nov 23, 2011
2011 in Sports
16,065
3.78
Sports
Dec 31, 2011
The Dundies
2,454
2.62
Television
Apr 22, 2011
Red Sox 2004 and 2007 World Series Rosters
2,400
4.67
Sports
Apr 6, 2011
Go to Creator's Profile
Score Distribution
Quiz Creator Spotlight
redsoxfan24
Follow
Send a Message
Quizzes Created
-
Created Quiz Play Count
-
More By This Creator
Popular Quizzes Today
1
Find the Countries of Europe - No Outlines Minefield
2
Find the US States - No Outlines Minefield
3
The Countries of the World
4
Popular People in 1961
5
US States
6
1-10 Letter E Words III
7
Find the US States
8
One Thing in Common: World Cities II
More Sports Quizzes
Finish the Quote with a Big 4 Logo
Curator's Pick
Trending Quizzes
Risky Map Clicking: Least Populous States A-Z
1-10 Letter F Words
1-10 Letter G Words
One Thing in Common: United Kingdom
Risky Map Clicking: Next State Alphabetically
Recently Updated
Leaping Animals
pecheneg
Reality TV Shows (A-Z)
bhenderson79
Rickey Henderson's Hall of Fame Teammates
pecheneg
Champions League XIs: Arsenal
pecheneg
Quick Pick: Celebrities in WWE's Hall of Fame
aduchscher
A-Z Keypad Blitz II
pecheneg
Multiple Oscar Actors
pecheneg
Mystery Phrase Blitz: Oscar 'Best Actors'
pecheneg
F. Scott Fitzgerald Novels
LTH
Pick 3 Villains
ddd62291
Trending Topics
Disney
Crossword
Marvel
NBA
Harry Potter
Kpop
Anime
WWE
The Office
Pokémon
NFL
Soccer
Country
Puzzle
Song
Your Account Isn't Verified!
In order to create a playlist on Sporcle, you need to verify the email address you used during registration. Go to your
Sporcle Settings
to finish the process.
Report this User
Report this user for behavior that violates our
Community Guidelines
.
Details:
Send Report
Go to the Sporcle.com Mobile Site →
Comments